La ratonera
Guardat en:
| Autors principals: | , |
|---|---|
| Format: | Llibre |
| Idioma: | espanyol |
| Publicat: |
Barcelona
Juventud
2007
|
| Edició: | 1a. ed |
| Matèries: | |
| Etiquetes: |
Afegir etiqueta
Sense etiquetes, Sigues el primer a etiquetar aquest registre!
|
MARC
| LEADER | 00000cam a2200000 a 4500 | ||
|---|---|---|---|
| 001 | UCE9578 | ||
| 003 | CL-VaPUC | ||
| 008 | 151029e20070000sp |||||||||||||||||spa|d | ||
| 020 | |a 9788426136015 | ||
| 082 | 0 | 4 | |a 808.068 |b MOR |2 21 |
| 100 | |a Morgenstern, Christian |e autor |9 582455 | ||
| 700 | 0 | |a Schossow, Peter |e author |9 582456 | |
| 245 | 1 | 3 | |a La ratonera |
| 250 | |a 1a. ed | ||
| 300 | |a 48 p | ||
| 942 | |c BK | ||
| 945 | |d 20151029 22:28:00 |a dcastane | ||
| 260 | |a Barcelona |b Juventud |c 2007 | ||
| 650 | 0 | |a Literatura infantil |9 307465 | |
| 650 | 0 | |a Cuentos infantiles |9 308044 | |
| 583 | |a last modification |c 20151029 22:28:00 |k Rodrigo Vera | ||
| 999 | |c 361242 |d 361240 | ||
| 952 | |0 0 |1 0 |3 erd |4 0 |6 808_068000000000000_MOR_2007 |7 0 |8 A |9 471641 |a BIBEDU |b BIBEDU |i 5245486 |l 3 |m 1 |o 808.068 MOR 2007 |p 5245486 |r 2023-10-23 |s 2023-10-19 |w 2019-11-24 |y BK |z Catalogado en:20151029 |k EPE | ||